<?xml version="1.0" encoding="UTF-8"?>
<record
    xmlns:xsi="http://www.w3.org/2001/XMLSchema-instance"
    xsi:schemaLocation="http://www.loc.gov/MARC21/slim http://www.loc.gov/standards/marcxml/schema/MARC21slim.xsd"
    xmlns="http://www.loc.gov/MARC21/slim">

  <leader>03645nam a2200565Ia 4500</leader>
  <controlfield tag="001">7141</controlfield>
  <controlfield tag="008">241029s9999    xx            000 0 und d</controlfield>
  <datafield tag="010" ind1=" " ind2=" ">
    <subfield code="a">6762</subfield>
  </datafield>
  <datafield tag="041" ind1=" " ind2=" ">
    <subfield code="a">Espa&#xF1;ol</subfield>
  </datafield>
  <datafield tag="082" ind1=" " ind2=" ">
    <subfield code="a">N/A</subfield>
  </datafield>
  <datafield tag="245" ind1=" " ind2="0">
    <subfield code="a">Proyecto de vida para el desarrollo personal y social del estudiantado del Quinto Grado del centro educativo Primaria La Ag&#xFC;ita, a&#xF1;o escolar 2017-2018</subfield>
  </datafield>
  <datafield tag="260" ind1=" " ind2=" ">
    <subfield code="a">Peravia</subfield>
  </datafield>
  <datafield tag="300" ind1=" " ind2=" ">
    <subfield code="a">127</subfield>
  </datafield>
  <datafield tag="520" ind1=" " ind2=" ">
    <subfield code="a">79</subfield>
  </datafield>
  <datafield tag="630" ind1=" " ind2=" ">
    <subfield code="a">Desarrollo de los Talentos</subfield>
  </datafield>
  <datafield tag="630" ind1=" " ind2=" ">
    <subfield code="a">Desarrollo Humano</subfield>
  </datafield>
  <datafield tag="630" ind1=" " ind2=" ">
    <subfield code="a">Estudiantes</subfield>
  </datafield>
  <datafield tag="630" ind1=" " ind2=" ">
    <subfield code="a">Valores</subfield>
  </datafield>
  <datafield tag="650" ind1=" " ind2=" ">
    <subfield code="a">Educaci&#xF3;n en Valores</subfield>
  </datafield>
  <datafield tag="690" ind1=" " ind2=" ">
    <subfield code="a">Elaborado</subfield>
  </datafield>
  <datafield tag="700" ind1=" " ind2=" ">
    <subfield code="e">asesor</subfield>
    <subfield code="a">Viloria Santos, Juan Francisco </subfield>
  </datafield>
  <datafield tag="700" ind1=" " ind2=" ">
    <subfield code="e">autor</subfield>
    <subfield code="a"> Abreu Rodr&#xED;guez , Carla Celania</subfield>
  </datafield>
  <datafield tag="700" ind1=" " ind2=" ">
    <subfield code="e">autor</subfield>
    <subfield code="a">Encarnaci&#xF3;n Minyety, Jazm&#xED;n Eridania </subfield>
  </datafield>
  <datafield tag="901" ind1=" " ind2=" ">
    <subfield code="a">{"1":" Abreu Rodr&#xED;guez ","2":"Encarnaci&#xF3;n Minyety"}</subfield>
    <subfield code="b">{"1":"Carla Celania","2":"Jazm&#xED;n Eridania "}</subfield>
  </datafield>
  <datafield tag="902" ind1=" " ind2=" ">
    <subfield code="a">1</subfield>
  </datafield>
  <datafield tag="903" ind1=" " ind2=" ">
    <subfield code="a">{"1":"Viloria Santos"}</subfield>
    <subfield code="b">{"1":"Juan Francisco "}</subfield>
  </datafield>
  <datafield tag="904" ind1=" " ind2=" ">
    <subfield code="a">Maestr&#xED;a en</subfield>
  </datafield>
  <datafield tag="905" ind1=" " ind2=" ">
    <subfield code="a">Orientaci&#xF3;n Acad&#xE9;mica e Intervenci&#xF3;n Psicopedag&#xF3;gica</subfield>
  </datafield>
  <datafield tag="906" ind1=" " ind2=" ">
    <subfield code="a">2</subfield>
  </datafield>
  <datafield tag="907" ind1=" " ind2=" ">
    <subfield code="a">NO APLICA</subfield>
  </datafield>
  <datafield tag="908" ind1=" " ind2=" ">
    <subfield code="a">NO APLICA</subfield>
  </datafield>
  <datafield tag="909" ind1=" " ind2=" ">
    <subfield code="a"> Centro Universitario Regional de Ban&#xED;, CURBAN (UASD)</subfield>
  </datafield>
  <datafield tag="910" ind1=" " ind2=" ">
    <subfield code="a">NULL</subfield>
    <subfield code="b">NULL</subfield>
  </datafield>
  <datafield tag="911" ind1=" " ind2=" ">
    <subfield code="a">["1"]</subfield>
  </datafield>
  <datafield tag="912" ind1=" " ind2=" ">
    <subfield code="a">NO APLICA</subfield>
  </datafield>
  <datafield tag="913" ind1=" " ind2=" ">
    <subfield code="a">NULL</subfield>
  </datafield>
  <datafield tag="914" ind1=" " ind2=" ">
    <subfield code="a">01 de Enero de 2019</subfield>
  </datafield>
  <datafield tag="915" ind1=" " ind2=" ">
    <subfield code="a">23/11/19 10:11</subfield>
  </datafield>
  <datafield tag="916" ind1=" " ind2=" ">
    <subfield code="a">NULL</subfield>
  </datafield>
  <datafield tag="917" ind1=" " ind2=" ">
    <subfield code="a">NULL</subfield>
  </datafield>
  <datafield tag="918" ind1=" " ind2=" ">
    <subfield code="a">NO APLICA</subfield>
  </datafield>
  <datafield tag="919" ind1=" " ind2=" ">
    <subfield code="a">["312","58","96","323"]</subfield>
  </datafield>
  <datafield tag="520" ind1=" " ind2=" ">
    <subfield code="a">Este estudio se estableci&#xF3; como objetivo general implementar estrategias con el estudiantado para fortalecer el desarrollo personal, social y la construcci&#xF3;n de su propio proyecto de vida, utilizando recursos que les permitan adaptarse de manera saludable en su vida personal y social, y estableci&#xF3; como objetivos espec&#xED;ficos impulsar actividades para la motivaci&#xF3;n en las tomas de decisiones, el mejoramiento del autoestima y el desarrollo de actitudes de organizaci&#xF3;n positiva.Esta investigaci&#xF3;n fue de tipo cualitativa y colaborativa, basada en los modelos&#xA0; de investigaci&#xF3;n-acci&#xF3;n. Utiliz&#xF3; las t&#xE9;cnicas del triple diagn&#xF3;stico,&#xA0; la entrevista semi estructurada, Registro anecd&#xF3;tico, la fotograf&#xED;a, cuestionario, trabajo grupal, observaci&#xF3;n directa, grupos focales, y&#xA0; la plenaria. Tuvo como&#xA0; sujetos de estudio a 108 estudiantes, de los cuales utiliz&#xF3;&#xA0; como muestra a 15 estudiantes de 5to.&#xA0;Este estudio plante&#xF3; que durante el desarrollo las actividades planteadas y ejecutadas en el proyecto el estudiantado aprendieron a utilizar la comunicaci&#xF3;n asertiva como un medio para las buenas relaciones interpersonales,&#xA0; a reconocer sus fortalezas y debilidades frente a la creaci&#xF3;n de su auto concepto y valoraci&#xF3;n personal; lo cual permiti&#xF3; al estudiantado desarrollar el deseo de cambiar la manera de organizar su vida , la forma de relacionarse con los dem&#xE1;s con modificaciones de conducta de manera procesual y continua. En tal sentido, se recomend&#xF3; dar seguimiento al estudiantado en la organizaci&#xF3;n de su proyecto de vida, ofrecer m&#xE1;s participaci&#xF3;n en actividades curriculares a trav&#xE9;s de programas que les permitan empoderarse sobre los conocimientos necesarios para su aplicaci&#xF3;n, y llevar programas sobre fortalecimiento del autoestima, mejoramiento de las relaciones interpersonales, t&#xE9;cnicas y h&#xE1;bitos de estudios, habilidades sociales, y ofrecer herramientas a los docentes con estrategias innovadoras para el apoyo necesario que demanden los estudiantes.</subfield>
  </datafield>
  <datafield tag="921" ind1=" " ind2=" ">
    <subfield code="a">78</subfield>
  </datafield>
  <datafield tag="922" ind1=" " ind2=" ">
    <subfield code="a">78</subfield>
  </datafield>
  <datafield tag="923" ind1=" " ind2=" ">
    <subfield code="a">1</subfield>
  </datafield>
  <datafield tag="924" ind1=" " ind2=" ">
    <subfield code="a">NO APLICA</subfield>
  </datafield>
  <datafield tag="942" ind1=" " ind2=" ">
    <subfield code="c">Tesis</subfield>
  </datafield>
  <datafield tag="999" ind1=" " ind2=" ">
    <subfield code="c">6762</subfield>
    <subfield code="d">6762</subfield>
  </datafield>
</record>
